Basic of Clinical Physiology (Record no. 33640)

MARC details
000 -LEADER
fixed length control field 00480nam a22001937a 4500
005 - DATE AND TIME OF LATEST TRANSACTION
control field 20230922154713.0
008 - FIXED-LENGTH DATA ELEMENTS--GENERAL INFORMATION
fixed length control field 230919b |||||||| |||| 00| 0 eng d
020 ## - INTERNATIONAL STANDARD BOOK NUMBER
ISBN 96984860308
082 ## - DEWEY DECIMAL CLASSIFICATION NUMBER
Classification number 615.19
Item number AKR-B
100 ## - MAIN ENTRY--AUTHOR
Author Name Muhammad Akram
245 ## - TITLE STATEMENT
Title Basic of Clinical Physiology
260 ## - PUBLICATION, DISTRIBUTION, ETC.
Place of Publication Pakistan
Name of publisher, distributor, etc. Allied Book Compny
Date of publication, distribution, etc. 2008
300 ## - PHYSICAL DESCRIPTION
Pages 453
490 ## - SERIES STATEMENT
Series Statement Vol-1
500 ## - GENERAL NOTE
General note Include Index
650 ## - SUBJECT ADDED ENTRY--TOPICAL TERM
Subject / Department Medical/Physiology
700 ## - ADDED ENTRY--PERSONAL NAME
Personal name Muhammad Akram
952 ## - LOCATION AND ITEM INFORMATION (KOHA)
-- 0
-- 0
Holdings
Lost status Damaged status Permanent Location Current Location Shelving Location Date acquired Full Call Number Accession No./Barcode Date last seen item type
    Superior Information Resource Center (SIRC) Superior University- Central Library Superior Information Resource Center (SIRC) Superior University- Central Library Medical 09/19/2023 615.19 AKR-B 2006 20495 10/03/2023 BOOK

Powered by Koha